Multiple-Choice-Stadtquiz Bergisch Gladbach - Statistiken

Allgemein
  • Dieses Quiz wurde 19 mal gespielt
  • Das Durchschnittsergebnis liegt bei 7 aus 10
Antwortstatistiken
Frage Antwort % Korrekt
In welchem Bevölkerungsbereich liegt Bergisch Gladbach? 100.000 - 200.000
100%
Welches Bild zeigt das Grandhotel Schloss Bensberg?
94%
Welches Supermodel stammt aus Bergisch Gladbach? Heidi Klum
94%
Was sind die Schloss Bensberg Classics? Die jährlich stattfindende Luxusautoshow
78%
Auf dem Stadtwappen sind zwei Tiere abgebildet, ein Hirsch und ein...? Löwe
78%
Welcher Fußballweltmeister von 2014 wurde in Bergisch Gladbach geboren? Mats Hummels
67%
Für den Abbau welcher Rohstoffe war die Stadt am bekanntesten? Zink und Blei
67%
An welche zwei Großstädte grenzt Bergisch Gladbach? Köln & Leverkusen
61%
In welchem Bundesland liegt Bergisch Gladbach? Nordrhein-Westfalen
50%
Welche dieser Sehenswürdigkeiten sich nicht in der Stadt? Kathedrale St. Martin
44%
Keine übereinstimmenden Quizze gefunden
Verteilung der Resultate
Anzahl Personen mit jedem Resultat
Perzentil nach korrekt beantworteten Fragen
Ihre Resultats-Entwicklung
Sie haben dieses Quiz noch nicht gespielt